00601nam a2200193 a 4500001001300000003000900013005001700022008004100039020002600080082001700106100001900123245006800142260004900210300000900259500003500268505005200303650003300355700001900388nice12345678IN_TiNIC20260116013729.0050524s1998 alba grp 000 0 eng  a0791429 c1267.500a892.716bDEY aDeyoung, Terri aPlacing the Poetb Badr Shakir Al-Sayyab and Post Colonial Iraq aAlbany bState University of New York c1998 a333p aincludes index and biblioraphy2 aSelrcted Bibliography, Abbreviation, Commentary aSayyab,Badr Shakir,1926-19651 aDeyoung, Terri